000 00258nam a2200097Ia 4500
001 689270
005 20250826161631.0
008 250824s9999 xx 000 0 und d
245 0 _aÖTEKİ BEN (ANTİK YENİ)
_cDOSTOYEVSKİ
260 _bANTİK DÜNYA KLASİKLERİ
999 _c689270
_d689270